[Event "Forcing Moves First Summer-1 op"]
[Site "Mississauga CAN"]
[Date "2023.07.29"]
[Round "3.6"]
[White "Malakar, Saarthak"]
[Black "Miaco, Trifelino"]
[Result "0-1"]
[WhiteElo "2004"]
[BlackElo "1657"]
[PlyCount "150"]
[EventDate "2023.07.29"]
[EventType "swiss"]
[EventRounds "5"]
[EventCountry "CAN"]

1. d4 b6 2. Nf3 Bb7 3. g3 e6 4. Bg2 f5 5. c4 Nf6 6. O-O Be7 7. Nc3 O-O 8. Bf4
Ne4 9. Nxe4 fxe4 10. Nd2 d5 11. Bh3 Bc8 12. f3 Rxf4 13. gxf4 e3 14. Nb1 Bd6 15.
cxd5 Qh4 16. Kg2 Qxf4 17. Rh1 Qg5+ 18. Bg4 h5 19. h3 hxg4 20. hxg4 exd5 21. Qd3
g6 22. Nc3 Bf5 23. Qb5 c6 24. Qb3 Qf4 25. Nd1 Bxg4 26. Qxe3 Qg3+ 27. Kf1 Bh3+
28. Rxh3 Qxh3+ 29. Ke1 Nd7 30. Nf2 Bg3 31. Kd2 Bxf2 32. Qxf2 Re8 33. Rg1 Kf7
34. Rg4 Qh6+ 35. Kd1 Nf6 36. Rg2 Qe3 37. Qh4 c5 38. dxc5 bxc5 39. Qg3 Qd4+ 40.
Ke1 Qe3 41. Qxg6+ Ke6 42. Rg5 Rh8 43. Qf5+ Kf7 44. Qg6+ Ke7 45. Qg7+ Ke6 46.
Qxh8 Qxg5 47. Qc8+ Nd7 48. Qa6+ Ke7 49. b3 Qg1+ 50. Kd2 Qd4+ 51. Ke1 Qb4+ 52.
Kf1 Qb6 53. Qd3 Kd6 54. Qg6+ Kc7 55. Qf7 d4 56. Qc4 Qa5 57. a4 Qb6 58. Qd5 Qc6
59. Qf7 Kb6 60. Qg8 Ka5 61. Qd8+ Kb4 62. Qg8 a5 63. Qc4+ Ka3 64. f4 Qb6 65. Qf7
Qf6 66. Qxd7 Qxf4+ 67. Ke1 Qc1+ 68. Kf2 Qe3+ 69. Kf1 Qxb3 70. Qc6 Qb4 71. Qb5
c4 72. Qd7 c3 73. Qc6 Qxa4 74. Qc5+ Qb4 75. Qc7 Kb2 0-1

[Event "Forcing Moves First Summer-1 op"]
[Site "Mississauga CAN"]
[Date "2023.09.29"]
[Round "3.7"]
[White "Nazareno, Merlin"]
[Black "Qian, Eric"]
[Result "1-0"]
[WhiteElo "1989"]
[BlackElo "1961"]
[PlyCount "99"]
[EventDate "2023.07.29"]
[EventType "swiss"]
[EventRounds "5"]
[EventCountry "CAN"]

1. d4 d5 2. e4 dxe4 3. Nc3 Nf6 4. Bg5 Bf5 5. f3 Nbd7 6. Qe2 exf3 7. Nxf3 e6 8.
O-O-O Be7 9. h3 h6 10. Bf4 c6 11. g4 Bh7 12. Bg2 Qa5 13. Bd2 Qc7 14. Ne5 Nxe5
15. dxe5 Nd5 16. Rhf1 Bg6 17. Be4 Bxe4 18. Qxe4 Nxc3 19. Bxc3 O-O 20. Bd2 Rad8
21. Rde1 Bh4 22. Re2 Rd5 23. c4 Rd7 24. g5 hxg5 25. Qg4 Rfd8 26. Bxg5 Bxg5+ 27.
Qxg5 Rd4 28. Rg2 g6 29. Rf6 Rxc4+ 30. Rc2 Rxc2+ 31. Kxc2 Kg7 32. Rf1 Qd7 33.
Kc1 Kg8 34. Qf4 Qe7 35. h4 Kg7 36. h5 g5 37. h6+ Kxh6 38. Rh1+ Kg7 39. Qh2 Qc5+
40. Kb1 Kf8 41. Qh8+ Ke7 42. Qf6+ Kd7 43. Rd1+ Qd5 44. Rxd5+ cxd5 45. Qxf7+ Kc8
46. Qxe6+ Kb8 47. Qe7 Kc8 48. Qxg5 d4 49. Kc1 d3 50. Kd1 1-0

[Event "Forcing Moves First Summer-1 op"]
[Site "Mississauga CAN"]
[Date "2023.07.30"]
[Round "4.1"]
[White "Hansen, Troy"]
[Black "Kim, Noah"]
[Result "0-1"]
[WhiteElo "1998"]
[BlackElo "2064"]
[PlyCount "81"]
[EventDate "2023.07.29"]
[EventType "swiss"]
[EventRounds "5"]
[EventCountry "CAN"]

1. e4 c6 2. Nf3 d5 3. Nc3 Bg4 4. Be2 e6 5. O-O Nf6 6. d3 Bb4 7. h3 Bh5 8. Bd2
dxe4 9. Nxe4 Bxd2 10. Nfxd2 Bg6 11. c3 O-O 12. Qb3 Nxe4 13. Nxe4 Qc7 14. Rfe1
Nd7 15. Bf1 Rad8 16. Rad1 c5 17. Qc4 Qc6 18. Ng5 Nb6 19. Qb3 Rd6 20. Nf3 Bh5
21. Be2 Qc7 22. g4 Bg6 23. c4 Rfd8 24. Qc3 R6d7 25. d4 cxd4 26. Rxd4 Rxd4 27.
Nxd4 Qe5 28. Nb5 Qxc3 29. Nxc3 Kf8 30. c5 Nd5 31. Rd1 Ke7 32. Nxd5+ exd5 33.
Rd4 Ke6 34. f4 Be4 35. Kf2 Rc8 36. Rb4 Rc7 37. Ke3 g5 38. fxg5 Ke5 39. Bd3 Bh1
40. Bxh7 Rxc5 41. Rxb7 0-1

[Event "Forcing Moves First Summer-1 op"]
[Site "Mississauga CAN"]
[Date "2023.07.30"]
[Round "4.2"]
[White "Singh, Mahip"]
[Black "Jobo, Greg"]
[Result "1-0"]
[WhiteElo "2112"]
[BlackElo "2134"]
[PlyCount "87"]
[EventDate "2023.07.29"]
[EventType "swiss"]
[EventRounds "5"]
[EventCountry "CAN"]

1. e4 e5 2. Nf3 Nc6 3. Bb5 a6 4. Ba4 b5 5. Bb3 Na5 6. Nc3 d6 7. d4 exd4 8. Qxd4
Nxb3 9. axb3 Bb7 10. O-O f6 11. Bf4 Ne7 12. Bg3 Ng6 13. Qd1 Be7 14. Nd4 Qd7 15.
Qh5 O-O 16. f4 Rfe8 17. Rad1 Bf8 18. Rfe1 Rab8 19. b4 Ba8 20. Nf5 Qf7 21. Qg4
Kh8 22. h4 Rbd8 23. h5 Ne7 24. Nd4 Nc6 25. Nxc6 Bxc6 26. f5 Qc4 27. Rd3 h6 28.
Red1 Qxb4 29. Bf2 Qc4 30. Rd4 Qf7 31. Ne2 Kh7 32. Nf4 Bb7 33. Ne6 Rc8 34. b4
Re7 35. Bh4 Rce8 36. e5 dxe5 37. Nd8 Qa2 38. Rd7 Bc8 39. Qg6+ Kg8 40. Rxe7 Rxe7
41. Bxf6 Bxf5 42. Qxf5 gxf6 43. Qxf6 Rg7 44. Ne6 1-0

[Event "Forcing Moves First Summer-1 op"]
[Site "Mississauga CAN"]
[Date "2023.07.30"]
[Round "4.3"]
[White "Jiang, Hancy"]
[Black "Zhao, Jifan"]
[Result "1/2-1/2"]
[WhiteElo "1851"]
[BlackElo "2097"]
[PlyCount "120"]
[EventDate "2023.07.29"]
[EventType "swiss"]
[EventRounds "5"]
[EventCountry "CAN"]

1. Nf3 Nf6 2. d4 e6 3. e3 d5 4. Nbd2 Be7 5. Bd3 Nbd7 6. b3 O-O 7. Bb2 b6 8. Ne5
Nxe5 9. dxe5 Nd7 10. Qh5 g6 11. Qg4 Nc5 12. Be2 Ba6 13. h4 Bxe2 14. Kxe2 h5 15.
Qf4 Kg7 16. g4 Rh8 17. Rag1 Qg8 18. c4 Rd8 19. Qf3 Qh7 20. g5 Qg8 21. Rd1 Qe8
22. Qf4 Qc6 23. Qf3 Qe8 24. Qf4 Qc6 25. Qf3 Rd7 26. cxd5 Rxd5 27. Nc4 Rhd8 28.
Rxd5 Qxd5 29. Qxd5 exd5 30. Na3 Ne6 31. Nb5 a6 32. Nd4 c5 33. Nc6 Rd7 34. Nxe7
Rxe7 35. Rd1 Rd7 36. e4 d4 37. Bc1 b5 38. f4 c4 39. f5 Nc5 40. e6 fxe6 41. Ba3
Nd3 42. fxe6 Nf4+ 43. Kf3 Nxe6 44. e5 c3 45. Bb4 c2 46. Rc1 d3 47. Ke3 Nd4 48.
Rf1 Ne2 49. e6 Rd8 50. e7 Re8 51. Ba3 c1=Q+ 52. Bxc1 Rxe7+ 53. Kxd3 Re6 54.
Bb2+ Kg8 55. Rf3 Ng1 56. Re3 Kf7 57. Bd4 Rd6 58. Kc3 Rd5 59. Kd3 Rd6 60. Kc3
Rd5 1/2-1/2

[Event "Forcing Moves First Summer-1 op"]
[Site "Mississauga CAN"]
[Date "2023.07.30"]
[Round "4.4"]
[White "Nazareno, Merlin"]
[Black "Miaco, Trifelino"]
[Result "1-0"]
[WhiteElo "1989"]
[BlackElo "1657"]
[PlyCount "37"]
[EventDate "2023.07.29"]
[EventType "swiss"]
[EventRounds "5"]
[EventCountry "CAN"]

1. e4 d6 2. d4 Nf6 3. Nc3 c6 4. Bg5 Qa5 5. Bxf6 exf6 6. Bc4 Be7 7. Nge2 f5 8.
f3 Bh4+ 9. g3 Be7 10. O-O Be6 11. Bxe6 fxe6 12. Nf4 Kd7 13. Rf2 Na6 14. d5 e5
15. Nd3 g6 16. a3 Qd8 17. b4 Nc7 18. dxc6+ bxc6 19. Nxe5+ 1-0

[Event "Forcing Moves First Summer-1 op"]
[Site "Mississauga CAN"]
[Date "2023.07.30"]
[Round "4.5"]
[White "Abbas, Sahir"]
[Black "Brajkovic, Nikola"]
[Result "0-1"]
[WhiteElo "1962"]
[BlackElo "2008"]
[Annotator ",hugh_brodie@hotmail."]
[PlyCount "68"]
[EventDate "2023.07.29"]
[EventType "swiss"]
[EventRounds "5"]
[EventCountry "CAN"]

1. e4 e6 2. d4 d5 3. e5 c5 4. c3 Nc6 5. Nf3 cxd4 6. cxd4 Bb4+ 7. Bd2 Nge7 8.
Be2 Qb6 9. Bxb4 Qxb4+ 10. Qd2 Nf5 11. Qxb4 Nxb4 12. Na3 a6 13. Kd2 Bd7 14. Rhc1
Ke7 15. Nc2 Nc6 16. g4 Nh6 17. Ne3 f6 18. exf6+ gxf6 19. h4 Nf7 20. g5 Rag8 21.
Rg1 Nd6 22. gxf6+ Kxf6 23. Ng4+ Ke7 24. Nfe5 Ne4+ 25. Ke3 Be8 26. Rgc1 Kd6 27.
Nxc6 Bxc6 28. Ne5 Be8 29. Bd3 Nf6 30. a4 h5 31. f3 Nd7 32. f4 Nf6 33. Rc5 Ng4+
34. Nxg4 hxg4 {Unreadable/missing moves. Black won in 76 moves.} 0-1

[Event "Forcing Moves First Summer-1 op"]
[Site "Mississauga CAN"]
[Date "2023.07.30"]
[Round "4.6"]
[White "Gao, Heye"]
[Black "Maulucci, Anthony"]
[Result "1-0"]
[WhiteElo "1876"]
[BlackElo "2013"]
[PlyCount "105"]
[EventDate "2023.07.29"]
[EventType "swiss"]
[EventRounds "5"]
[EventCountry "CAN"]

1. e4 e6 2. d4 d5 3. Nc3 Nf6 4. e5 Nfd7 5. f4 c5 6. Nf3 Nc6 7. Be3 a6 8. Be2 b5
9. O-O Qb6 10. dxc5 Bxc5 11. Bxc5 Nxc5 12. Kh1 b4 13. Nb1 Ne4 14. Qe1 Bb7 15.
Nbd2 Ne7 16. Nxe4 dxe4 17. Nd2 O-O 18. Nc4 Qc7 19. Qxb4 Rfd8 20. Nd6 Bd5 21. c4
Rab8 22. Qa3 Ba8 23. Rad1 Qb6 24. b3 Nf5 25. c5 Qc6 26. Qc1 h6 27. Nxf5 exf5
28. Rd6 Qc7 29. Rfd1 a5 30. Rxd8+ Rxd8 31. Rxd8+ Qxd8 32. c6 Bxc6 33. Qxc6 Qd2
34. Qc8+ Kh7 35. Qxf5+ Kh8 36. Qc8+ Kh7 37. Qc4 Qxf4 38. Bd3 g6 39. Bxe4 Qf2
40. h3 h5 41. Bd3 Qe1+ 42. Bf1 Kg7 43. Qe2 Qa1 44. a4 h4 45. Qf2 Qxe5 46. Qxh4
Qa1 47. Qc4 Qe1 48. Qd4+ Kh7 49. Qf6 Kh6 50. Qxf7 g5 51. Qf6+ Kh5 52. Kh2 Qd2
53. Bd3 1-0

[Event "Forcing Moves First Summer-1 op"]
[Site "Mississauga CAN"]
[Date "2023.07.30"]
[Round "4.7"]
[White "D'Souza, Carina"]
[Black "Malakar, Saarthak"]
[Result "0-1"]
[WhiteElo "1923"]
[BlackElo "2004"]
[PlyCount "94"]
[EventDate "2023.07.29"]
[EventType "swiss"]
[EventRounds "5"]
[EventCountry "CAN"]

1. e4 c6 2. d4 d5 3. exd5 cxd5 4. Bd3 Nc6 5. c3 Nf6 6. h3 g6 7. Nf3 Bf5 8. Bf4
Bxd3 9. Qxd3 Bg7 10. Nbd2 O-O 11. O-O a6 12. Rfe1 e6 13. Ne5 Rc8 14. Re3 Nh5
15. Bh2 Nf6 16. Rae1 Ne7 17. g4 Nc6 18. f4 Ne8 19. f5 exf5 20. gxf5 Nd6 21.
Nxc6 Rxc6 22. Bxd6 Rxd6 23. Rg3 Rf6 24. fxg6 fxg6 25. Rf1 Rxf1+ 26. Nxf1 Qf6
27. Qe2 Bh6 28. Ne3 Qe6 29. Qd3 Re8 30. Nf1 Rf8 31. Rf3 Bf4 32. Kg2 Qf6 33. Qe2
g5 34. Ne3 Re8 35. Qf2 Qe6 36. Ng4 h5 37. Nh2 Qd6 38. Nf1 h4 39. Qc2 Re4 40.
Rf2 Qe6 41. Qd1 Be3 42. Nxe3 Rxe3 43. Rf3 Re2+ 44. Rf2 Qe4+ 45. Kf1 Re3 46. Re2
Qh1+ 47. Kf2 Rf3# 0-1

[Event "Forcing Moves First Summer-1 op"]
[Site "Mississauga CAN"]
[Date "2023.07.30"]
[Round "5.1"]
[White "Hansen, Troy"]
[Black "Singh, Mahip"]
[Result "0-1"]
[WhiteElo "1998"]
[BlackElo "2112"]
[PlyCount "82"]
[EventDate "2023.07.29"]
[EventType "swiss"]
[EventRounds "5"]
[EventCountry "CAN"]

1. e4 e5 2. Nf3 Nc6 3. Bb5 a6 4. Ba4 Bc5 5. c3 Nge7 6. d4 exd4 7. cxd4 Bb4+ 8.
Nc3 d5 9. e5 Bg4 10. Be3 O-O 11. Bc2 Qd7 12. h3 Bf5 13. O-O f6 14. Ne2 Bxc2 15.
Qxc2 Ng6 16. a3 Ba5 17. b4 Bb6 18. exf6 Rxf6 19. Nh2 Re8 20. Qd2 Nce7 21. Ng3
Nc8 22. Rfe1 Nd6 23. Nhf1 Rfe6 24. Qc3 Nb5 25. Qd2 Bxd4 26. Bxd4 Rxe1 27. Rxe1
Rxe1 28. Qxe1 Nxd4 29. Qe3 Nb5 30. Qb3 c6 31. Ne3 Nd6 32. Qd3 Qe6 33. Qd4 Qe5
34. Qb6 h6 35. Nc2 Nf4 36. Qc7 d4 37. Kh2 d3 38. Ne3 d2 39. Nef5 d1=Q 40. Ne7+
Qxe7 41. Qxe7 Qd5 0-1

[Event "Forcing Moves First Summer-1 op"]
[Site "Mississauga CAN"]
[Date "2023.07.30"]
[Round "5.2"]
[White "Kim, Noah"]
[Black "Jiang, Hancy"]
[Result "1-0"]
[WhiteElo "2064"]
[BlackElo "1851"]
[PlyCount "51"]
[EventDate "2023.07.29"]
[EventType "swiss"]
[EventRounds "5"]
[EventCountry "CAN"]

1. Nf3 Nf6 2. b3 g6 3. g3 Bg7 4. Bb2 O-O 5. Bg2 d6 6. d4 Nbd7 7. O-O c6 8. c4
Qc7 9. Nc3 e5 10. e4 a6 11. Rc1 exd4 12. Qxd4 Re8 13. Rcd1 Nc5 14. e5 Ng4 15.
exd6 Bxd4 16. dxc7 Bf6 17. h3 Nh6 18. Na4 Bxb2 19. Nb6 Bd7 20. Nxa8 Rxa8 21. b4
Rc8 22. bxc5 Rxc7 23. Rfe1 Be6 24. Bf1 Nf5 25. g4 Ng7 26. Rd8+ 1-0

[Event "Forcing Moves First Summer-1 op"]
[Site "Mississauga CAN"]
[Date "2023.07.30"]
[Round "5.3"]
[White "Brajkovic, Nikola"]
[Black "Nazareno, Merlin"]
[Result "0-1"]
[WhiteElo "2008"]
[BlackElo "1989"]
[Annotator ",hugh_brodie@hotmail."]
[PlyCount "31"]
[EventDate "2023.07.29"]
[EventType "swiss"]
[EventRounds "5"]
[EventCountry "CAN"]

1. e4 Nc6 2. Nf3 f5 3. exf5 d5 4. d4 Bxf5 5. Bd3 e6 6. a3 Nf6 7. h3 Bd6 8. c4
O-O 9. Nc3 a6 10. Be3 dxc4 11. Bxc4 b5 12. Bd3 Nd5 13. Bxf5 exf5 14. O-O f4 15.
Bc1 Qd7 16. Qc2 {Rest unreadable. Black won in 47 moves.} 0-1

[Event "Forcing Moves First Summer-1 op"]
[Site "Mississauga CAN"]
[Date "2023.07.30"]
[Round "5.4"]
[White "Zhao, Jifan"]
[Black "Malakar, Saarthak"]
[Result "1/2-1/2"]
[WhiteElo "2097"]
[BlackElo "2004"]
[PlyCount "86"]
[EventDate "2023.07.29"]
[EventType "swiss"]
[EventRounds "5"]
[EventCountry "CAN"]

1. e4 c6 2. d4 d5 3. Nc3 dxe4 4. Nxe4 Nf6 5. Nxf6+ exf6 6. h3 Bd6 7. Bd3 O-O 8.
Qf3 Re8+ 9. Ne2 Nd7 10. O-O Nf8 11. c3 Ng6 12. Nf4 Qc7 13. Nxg6 hxg6 14. Bd2
Be6 15. c4 c5 16. d5 Bd7 17. Bc3 Re7 18. Rfe1 Rae8 19. h4 Be5 20. Bc2 Bxc3 21.
Qxc3 Rxe1+ 22. Rxe1 Rxe1+ 23. Qxe1 Qf4 24. b3 b6 25. g3 Qd6 26. Qe2 Qe5 27. Bd3
Kf8 28. Kg2 a5 29. Qf3 Qd4 30. Qe3 Qxe3 31. fxe3 Ke7 32. Kf3 Kd6 33. Kf4 a4 34.
e4 a3 35. g4 Bc8 36. Be2 Bd7 37. g5 Be8 38. gxf6 gxf6 39. h5 gxh5 40. Bxh5 Ke7
41. Be2 Bd7 42. Bg4 Be8 43. Bc8 b5 1/2-1/2

[Event "Forcing Moves First Summer-1 op"]
[Site "Mississauga CAN"]
[Date "2023.07.30"]
[Round "5.5"]
[White "Jobo, Greg"]
[Black "Gao, Heye"]
[Result "1/2-1/2"]
[WhiteElo "2134"]
[BlackElo "1876"]
[PlyCount "68"]
[EventDate "2023.07.29"]
[EventType "swiss"]
[EventRounds "5"]
[EventCountry "CAN"]

1. c4 c6 2. b3 d5 3. Bb2 Nf6 4. Nf3 Bf5 5. d3 e6 6. Nbd2 Nbd7 7. a3 a5 8. g3
Be7 9. Bg2 O-O 10. O-O Ne8 11. Qc2 Bf6 12. Rac1 Bxb2 13. Qxb2 Nd6 14. Rfe1 Qe7
15. h3 Rfd8 16. Nh4 Bg6 17. Nxg6 hxg6 18. b4 axb4 19. axb4 Rdc8 20. e4 dxc4 21.
dxc4 e5 22. c5 Nb5 23. Nb3 b6 24. cxb6 Nxb6 25. Na5 Nd4 26. Re3 c5 27. bxc5
Rxc5 28. Nb3 Rb5 29. Bf1 Rb4 30. Rcc3 Na4 31. Qa3 Qb7 32. Rc7 Qb8 33. Nxd4 exd4
34. Rf3 Nc3 1/2-1/2

[Event "Forcing Moves First Summer-1 op"]
[Site "Mississauga CAN"]
[Date "2023.07.30"]
[Round "5.6"]
[White "Miaco, Trifelino"]
[Black "D'Souza, Carina"]
[Result "0-1"]
[WhiteElo "1657"]
[BlackElo "1923"]
[PlyCount "91"]
[EventDate "2023.07.29"]
[EventType "swiss"]
[EventRounds "5"]
[EventCountry "CAN"]

1. b3 e5 2. Bb2 Nc6 3. e3 a6 4. Nf3 e4 5. Nd4 Nxd4 6. Bxd4 Nf6 7. d3 d5 8. Nd2
Bf5 9. Be2 Bd6 10. g4 exd3 11. cxd3 Be6 12. g5 Nd7 13. Bxg7 Rg8 14. Bh6 Qe7 15.
Qc2 O-O-O 16. d4 f6 17. h4 f5 18. Rc1 Nb6 19. f4 Bd7 20. Kf2 Rde8 21. Nf1 Kb8
22. Bd3 Qe6 23. Rh3 Nc8 24. Rf3 Ne7 25. h5 c6 26. Qb2 Bc7 27. b4 Nc8 28. Ng3
Nd6 29. Bc2 Re7 30. g6 hxg6 31. Bg5 Rh7 32. h6 Nf7 33. Rh1 Rgh8 34. Nf1 Nxh6
35. Bxh6 Rxh6 36. Rxh6 Rxh6 37. a4 Qe8 38. Qc3 Qh8 39. Rg3 Be8 40. Qc5 Bf7 41.
Qe7 Qe8 42. Qxe8+ Bxe8 43. Bb3 Bd8 44. Kg2 Be7 45. Rh3 Rxh3 46. Kxh3 0-1

[Event "Forcing Moves First Summer-1 op"]
[Site "Mississauga CAN"]
[Date "2023.07.30"]
[Round "5.7"]
[White "Maulucci, Anthony"]
[Black "Qian, Eric"]
[Result "0-1"]
[WhiteElo "2013"]
[BlackElo "1961"]
[PlyCount "164"]
[EventDate "2023.07.29"]
[EventType "swiss"]
[EventRounds "5"]
[EventCountry "CAN"]

1. d4 d5 2. c4 e6 3. Nc3 Nf6 4. cxd5 exd5 5. Bg5 c6 6. e3 Be7 7. Bd3 Nbd7 8.
Qc2 h6 9. Bh4 Nh5 10. Bxe7 Qxe7 11. Nge2 Nb6 12. O-O O-O 13. Rab1 a5 14. a3 a4
15. Qd1 Qg5 16. Ng3 Bg4 17. Be2 Nxg3 18. hxg3 Bxe2 19. Qxe2 Rfe8 20. Qc2 Qe7
21. b3 axb3 22. Rxb3 Nc4 23. a4 g6 24. Qd3 Kg7 25. Rfb1 Nd6 26. Rb4 Ra7 27. Ne2
Rea8 28. Qb3 h5 29. Nf4 Rh8 30. Qd1 Qg5 31. Qf3 Raa8 32. Nd3 h4 33. Qf4 Qxf4
34. gxf4 Kf6 35. Nc5 b5 36. axb5 cxb5 37. Rc1 Ra2 38. Nd7+ Ke6 39. Nb6 Rh5 40.
Rc6 Ra1+ 41. Kh2 Ke7 42. Nc8+ Nxc8 43. Rxc8 Ra2 44. Rxb5 Rxf2 45. Kh3 Re2 46.
Rb7+ Kf6 47. Re8 Kg7 48. Ree7 Rf5 49. Rb3 Rxf4 50. exf4 Rxe7 51. f5 Re4 52.
fxg6 Kxg6 53. Rd3 f5 54. g3 Kg5 55. gxh4+ Rxh4+ 56. Kg3 f4+ 57. Kg2 Kf5 58. Ra3
Ke4 59. Ra4 f3+ 60. Kg3 Rh8 61. Ra3 Rg8+ 62. Kf2 Rg2+ 63. Kf1 Rd2 64. Ra8 Rxd4
65. Re8+ Kd3 66. Kf2 Rf4 67. Ra8 d4 68. Ra4 Rf8 69. Ra3+ Kc2 70. Ra2+ Kb3 71.
Ra7 d3 72. Rd7 Kc2 73. Rc7+ Kd1 74. Rd7 d2 75. Rc7 Re8 76. Rc6 Re2+ 77. Kf1 Re8
78. Kf2 Re5 79. Rc8 Ra5 80. Rc7 Ra1 81. Ke3 Ke1 82. Rh7 Ra3+ 0-1

[Event "Forcing Moves First Summer-2 op"]
[Site "Mississauga CAN"]
[Date "2023.08.26"]
[Round "1.1"]
[White "Ruchinskaya, Valerie"]
[Black "Kahan, Desai"]
[Result "1-0"]
[WhiteElo "2167"]
[BlackElo "1723"]
[PlyCount "155"]
[EventDate "2023.08.26"]
[EventType "swiss"]
[EventRounds "5"]
[EventCountry "CAN"]

1. d4 Nf6 2. Bf4 d5 3. e3 c5 4. Nf3 Bf5 5. Bd3 Bg6 6. c3 e6 7. Ne5 Nc6 8. Bxg6
hxg6 9. Qb3 Qb6 10. Na3 Nh5 11. Qxb6 axb6 12. Nb5 Rd8 13. Nc7+ Ke7 14. Bg5+ Nf6
15. f3 Rc8 16. Nb5 Ke8 17. Bf4 Nh5 18. Nxc6 bxc6 19. Na7 Ra8 20. Nxc6 Nxf4 21.
exf4 f6 22. b4 Kd7 23. b5 Bd6 24. a4 Bxf4 25. Kf2 Bd2 26. Ra3 Bf4 27. h3 Bd6
28. Ra2 e5 29. Rd1 Rh4 30. dxe5 Bxe5 31. Nxe5+ fxe5 32. Rxd5+ Ke6 33. Rad2
Rhxa4 34. Rd6+ Kf5 35. Rxb6 Rc4 36. Re2 Ra3 37. Rb8 Raxc3 38. Re8 Rb4 39.
R2xe5+ Kf6 40. g4 g5 41. Rf5+ Kg6 42. Re6+ Kh7 43. Rxg5 Rf4 44. Re3 Rc1 45. b6
Rb4 46. Re7 Rxb6 47. Rgxg7+ Kh8 48. Rh7+ Kg8 49. Reg7+ Kf8 50. Rc7 Kg8 51. Rhd7
Rf6 52. Rd8+ Rf8 53. Rxf8+ Kxf8 54. h4 Ke8 55. h5 Kd8 56. Rf7 c4 57. Ke3 Rd1
58. Rf4 Rd3+ 59. Ke2 Rc3 60. h6 Ke7 61. g5 Rc2+ 62. Ke3 c3 63. Rc4 Kf7 64. Kd3
Rf2 65. Rc7+ Kg8 66. g6 Rxf3+ 67. Kc2 Rf8 68. Kxc3 Rd8 69. Kc4 Kh8 70. Kc5 Kg8
71. Kc6 Kh8 72. Kb7 Kg8 73. Rc8 Rf8 74. h7+ Kg7 75. Rxf8 Kxg6 76. h8=Q Kg5 77.
Qg7+ Kh4 78. Rh8# 1-0

[Event "Forcing Moves First Summer-2 op"]
[Site "Mississauga CAN"]
[Date "2023.08.26"]
[Round "1.2"]
[White "Engel, Ethan"]
[Black "Wang, Derek"]
[Result "1/2-1/2"]
[WhiteElo "1696"]
[BlackElo "2117"]
[PlyCount "109"]
[EventDate "2023.08.26"]
[EventType "swiss"]
[EventRounds "5"]
[EventCountry "CAN"]

1. d4 d5 2. c4 c6 3. Nc3 Nf6 4. e3 e6 5. Nf3 Nbd7 6. Qc2 Be7 7. b3 O-O 8. Bb2
b6 9. Be2 Bb7 10. O-O c5 11. cxd5 Nxd5 12. Nxd5 Bxd5 13. Rfd1 Qc7 14. Rac1 Rac8
15. dxc5 bxc5 16. Nd2 Bf6 17. Bxf6 Nxf6 18. h3 Qb6 19. Nc4 Qb8 20. Nd2 Rfd8 21.
Bf3 Qb6 22. Ne4 Bxe4 23. Rxd8+ Qxd8 24. Bxe4 Qa5 25. Bf3 h6 26. Rd1 Qb6 27. g3
Qa6 28. Kg2 Kf8 29. h4 Ke7 30. Qe2 Qxe2 31. Bxe2 Nd5 32. Rc1 Kd6 33. Bf3 Ke5
34. Rc4 f5 35. Ra4 Rc7 36. Ra5 g5 37. hxg5 hxg5 38. Be2 g4 39. Bc4 Nb6 40. Be2
Kd6 41. f3 gxf3+ 42. Kxf3 Rh7 43. e4 Nd7 44. exf5 exf5 45. Kf4 Rh2 46. Bf3 Rf2
47. Rxa7 Nb6 48. Ke3 Rc2 49. Rf7 Nd7 50. Rxf5 Rxa2 51. g4 Ra3 52. Rd5+ Ke7 53.
Rd3 Ne5 54. Rc3 c4 55. Bd5 1/2-1/2

[Event "Forcing Moves First Summer-2 op"]
[Site "Mississauga CAN"]
[Date "2023.08.26"]
[Round "1.3"]
[White "Kim, Noah"]
[Black "Tan, Brendan"]
[Result "1-0"]
[WhiteElo "2103"]
[BlackElo "1694"]
[PlyCount "111"]
[EventDate "2023.08.26"]
[EventType "swiss"]
[EventRounds "5"]
[EventCountry "CAN"]

1. Nf3 g6 2. d4 Bg7 3. c4 Nf6 4. Nc3 O-O 5. e4 d6 6. Be2 Nc6 7. d5 Nb8 8. Be3
e6 9. Nd2 c6 10. O-O a6 11. dxc6 Nxc6 12. f4 d5 13. Bc5 Re8 14. e5 Nd7 15. Bf2
f6 16. cxd5 exd5 17. Qb3 fxe5 18. Nxd5 Na5 19. Qc2 Nc6 20. Rad1 Nd4 21. Bxd4
exd4 22. Nc7 Rxe2 23. Nxa8 b5 24. Nc7 Bb7 25. Rf2 d3 26. Qxd3 Rxf2 27. Kxf2
Qxc7 28. Nf3 Nf8 29. g3 Qc5+ 30. Ke2 Qh5 31. h4 Ne6 32. Kf2 Qc5+ 33. Qe3 Bxf3
34. Qxc5 Nxc5 35. Kxf3 Bxb2 36. Rd5 Ba3 37. g4 Kf7 38. h5 Ke6 39. Re5+ Kd6 40.
hxg6 hxg6 41. Rg5 a5 42. Rxg6+ Ke7 43. Rb6 Ne6 44. Ke4 Nc7 45. f5 Bb2 46. g5
Ba3 47. Rh6 Bd6 48. Rh7+ Kf8 49. Rd7 Ne8 50. f6 Bb4 51. Kf5 Bc3 52. Ke6 b4 53.
Rd8 b3 54. axb3 a4 55. bxa4 Bxf6 56. gxf6 1-0

[Event "Forcing Moves First Summer-2 op"]
[Site "Mississauga CAN"]
[Date "2023.08.26"]
[Round "1.4"]
[White "Leliveld, Andrew"]
[Black "Trofimov-Malyshkin, Valentyn"]
[Result "1-0"]
[WhiteElo "1658"]
[BlackElo "2006"]
[PlyCount "107"]
[EventDate "2023.08.26"]
[EventType "swiss"]
[EventRounds "5"]
[EventCountry "CAN"]

1. b4 e6 2. Bb2 Nf6 3. a3 d5 4. e3 c5 5. bxc5 Bxc5 6. Nf3 Nbd7 7. c4 O-O 8. Nc3
dxc4 9. Bxc4 Rb8 10. O-O b5 11. Nxb5 a6 12. Bxf6 Nxf6 13. Nc3 Bb7 14. d4 Bd6
15. Qe2 Qa5 16. Rfc1 Ne4 17. Nxe4 Bxe4 18. Bxa6 Bxa3 19. Bd3 Bxf3 20. Qxf3 Qb4
21. Rc4 Qb2 22. Qd1 Be7 23. Rc7 Bf6 24. Raa7 Rbc8 25. Rab7 Qa3 26. g3 Qd6 27.
Bxh7+ Kxh7 28. Qc2+ Kg8 29. Rxc8 Rxc8 30. Qxc8+ Qf8 31. Qc7 Bd8 32. Qd7 Bf6 33.
Rc7 Kh7 34. Qxf7 Qxf7 35. Rxf7 Kg6 36. Rb7 Kf5 37. f3 e5 38. e4+ Kg5 39. dxe5
Bxe5 40. f4+ Bxf4 41. gxf4+ Kxf4 42. Rxg7 Kxe4 43. h4 Kf5 44. h5 Kf6 45. h6 Kf5
46. h7 Ke5 47. h8=Q Ke4 48. Re7+ Kd5 49. Qe5+ Kc4 50. Qd6 Kb5 51. Rc7 Ka5 52.
Rc5+ Ka4 53. Qb6 Ka3 54. Ra5# 1-0

[Event "Forcing Moves First Summer-2 op"]
[Site "Mississauga CAN"]
[Date "2023.08.26"]
[Round "1.5"]
[White "Brajkovic, Nikola"]
[Black "Nicholson, Devin"]
[Result "0-1"]
[WhiteElo "1999"]
[BlackElo "1655"]
[PlyCount "75"]
[EventDate "2023.08.26"]
[EventType "swiss"]
[EventRounds "5"]
[EventCountry "CAN"]

1. e4 e5 2. Nf3 Nc6 3. Bb5 a6 4. Bxc6 dxc6 5. h3 Nf6 6. Qe2 Bd6 7. d3 h6 8. Be3
Qe7 9. Nbd2 Be6 10. c3 O-O-O 11. b3 Nd7 12. d4 f5 13. dxe5 Nxe5 14. Bd4 Nxf3+
15. Nxf3 fxe4 16. Qxe4 Rhe8 17. Be3 Qd7 18. Qd4 c5 19. Qd2 Qc6 20. Qe2 Bd5 21.
O-O-O a5 22. Kb2 a4 23. Rhg1 Kb8 24. Rd2 Re4 25. Rgd1 Bf7 26. c4 Rde8 27. Qd3
Qb6 28. Rc1 Be7 29. Kc2 Bg6 30. Kd1 Rd4 31. Qe2 Rxd2+ 32. Nxd2 Bf6 33. Qf3 Bb2
34. Qd5 Bxc1 35. Kxc1 Qf6 36. Kd1 b6 37. Ke2 Rd8 38. Ne4 0-1

[Event "Forcing Moves First Summer-2 op"]
[Site "Mississauga CAN"]
[Date "2023.08.26"]
[Round "1.6"]
[White "Lin, Yu-Liang"]
[Black "Zheng, Chen Ji"]
[Result "1-0"]
[WhiteElo "1594"]
[BlackElo "1926"]
[PlyCount "84"]
[EventDate "2023.08.26"]
[EventType "swiss"]
[EventRounds "5"]
[EventCountry "CAN"]

1. c4 Nf6 2. Nc3 e6 3. g3 d5 4. cxd5 exd5 5. d4 Be7 6. Nf3 O-O 7. Bg2 c6 8. O-O
Nbd7 9. Nd2 Qb6 10. Nb3 a5 11. a4 Re8 12. Qc2 Nf8 13. e4 dxe4 14. Nxe4 Nxe4 15.
Bxe4 Bf6 16. Bg2 Be6 17. Nc5 Bxd4 18. Nxe6 Nxe6 19. Ra3 Rad8 20. Rb3 Qa6 21. h4
Nc5 22. Rf3 Qe2 23. Qf5 Qe6 24. Qc2 h6 25. Bf4 Qe2 26. Qf5 Rd5 27. Qb1 Qxb2 28.
Re3 Rxe3 29. fxe3 Rd8 30. exd4 Qxd4+ 31. Kh2 Qxa4 32. Qf5 Ne6 33. Bxh6 Rd7 34.
Be3 Qb5 35. Qxb5 cxb5 36. Rf5 Nd4 37. Bxd4 Rxd4 38. Rxb5 Rb4 39. Rxa5 Rb2 40.
Kh3 Kf8 41. Ra7 b5 42. Bd5 f6 1-0